| 000 | 01168nam a2200373Ia 4500 | ||
|---|---|---|---|
| 008 | 170203s9999 xx 000 0 und d | ||
| 020 | _a9780439691468 | ||
| 050 | _aFic | ||
| 050 | _bS856f | ||
| 100 | _aStilton, Geronimo. | ||
| 245 | _aField trip to Niagara falls / | ||
| 245 | _cGeronimo Stilton ; illustrations by Larry Keys, Ratterto Rattonchi and Chiara Sacchi ; English translation by Edizioni Piemme S.p.A. | ||
| 260 | _aNew York : | ||
| 260 | _bScholastic, | ||
| 260 | _c2006 | ||
| 300 | _a110 pages : | ||
| 300 | _bcolor illustrations, maps ; | ||
| 300 | _c20 cm. | ||
| 440 | _aGeronimo Stilton : | ||
| 440 | _v#24. | ||
| 500 | _aTranslation of: In campeggio alle cascate del Niagara | ||
| 650 | _aHumorous stories. | ||
| 650 | _aJournalists -- | ||
| 650 | _aMice -- | ||
| 650 | _aNewspapers -- | ||
| 650 | _aStilton, Geronimo (Fictitious character) -- | ||
| 650 | _xJuvenile fiction. | ||
| 650 | _xJuvenile fiction. | ||
| 650 | _xJuvenile fiction. | ||
| 650 | _xJuvenile fiction. | ||
| 700 | _aKeys, Larry, illustrator. | ||
| 700 | _aRattonchi, Ratterto, illustrator. | ||
| 700 | _aSacchi, Chiara, illustrator. | ||
| 999 |
_c306268 _d306268 |
||